Spanish verbs - Statistics

General Stats
  • This quiz has been taken 36 times
  • The average score is 57 of 96
Answer Stats
Hint Answer % Correct
help ayudar
96%
drink beber
96%
eat comer
96%
sleep dormir
92%
be estar
92%
go ir
92%
work trabajar
92%
use usar
92%
live vivir
92%
love amar
88%
dance bailar
88%
buy comprar
88%
like gustar
88%
read leer
88%
want querer
88%
write escribir
83%
study estudiar
83%
speak hablar
83%
talk hablar
83%
do hacer
83%
can poder
83%
see ver
83%
sing cantar
79%
believe creer
79%
understand entender
79%
play (a sport or game) jugar
79%
think pensar
79%
ask preguntar
79%
learn aprender
75%
say decir
75%
listen escuchar
75%
explain explicar
75%
make hacer
75%
call llamar
75%
look mirar
75%
hear oir
75%
sell vender
75%
open abrir
71%
walk andar
71%
close cerrar
71%
wait esperar
71%
need necesitar
71%
pay pagar
71%
remember recordar
71%
play (an instrument) tocar
71%
travel viajar
71%
draw dibujar
67%
enter entrar
67%
arrive llegar
67%
cut cortar
63%
teach enseñar
63%
watch mirar
63%
forget olvidar
63%
leave salir
63%
serve servir
63%
finish terminar
63%
search buscar
58%
rest descansar
58%
get up levantarse
58%
cry llorar
58%
rain llover
58%
repeat repetir
58%
hug abrazar
54%
turn off apagar
54%
bathe bañarse
54%
break romper
54%
feel sentir
54%
take coger
50%
dream soñar
50%
wake up despertarse
46%
wear llevar
46%
respect respetar
46%
brush cepillar
38%
shop comprar
38%
correct corregir
38%
erase borrar
33%
push empujar
33%
turn on encender
33%
laugh reirse
33%
freeze congelar
29%
thank agradecer
25%
rent alquilar
25%
return devolver
21%
exercise ejercitarse
21%
sweat sudar
21%
pull tirar
17%
sightsee hacer turismo
13%
resemble parecerse
13%
become convertirse
8%
pick up descolgar
4%
stand estar de pie
4%
wipe pasar un trapo
4%
hold sujetar
4%
ride coger
0%
miss fallar
0%
text mandar un mensaje de texto
0%
No matching quizzes found
Score Distribution
Percent of People with Each Score
Percentile by Number Answered
Your Score History
You have not taken this quiz